| 000 | 00727nam a2200253 a 4500 | ||
|---|---|---|---|
| 001 | BRCA_6815 | ||
| 005 | 20190320205613.0 | ||
| 008 | 041111s1931----u--#######---#000-0#eng-# | ||
| 041 | _aeng | ||
| 044 | _au | ||
| 050 | 4 |
_aCE37 _b.S88 c1931 |
|
| 100 | 1 |
_aSuski, P. M. _q(Peter Marie) _916995 |
|
| 245 | 1 | 0 |
_aThe year names of China and Japan _ccompliled by P.M. Suski. |
| 260 |
_aLos Ángeles _bScience Society _cc1931 |
||
| 300 |
_a40 p. _c20 cm. |
||
| 500 | _aEstado físico: cubiertas y algunas páginas se están desprendiendo | ||
| 500 | _aO2 | ||
| 650 | 1 | 4 |
_aCalendario chino _916996 |
| 650 | 1 | 4 |
_aCalendario japonés _916997 |
| 651 | 4 |
_aChina _916998 |
|
| 651 | 4 |
_aJapón _916999 |
|
| 902 | _aGFM | ||
| 942 |
_2lcc _cB |
||
| 999 |
_c6498 _d6498 |
||